Под звон кандальный

Библиографические подробности
Главный автор: Березовский Ф. А. Феоктист Алексеевич
Другие авторы: Яновский Н. (составитель), Колесников В. (иллюстратор)
Примечания:Исключено из фонда НТБ ТПУ
Язык:русский
Опубликовано: Новосибирск, Западно-Сибирское книжное издательство, 1971
Формат: MixedMaterials Книга
Запись в KOHA:https://koha.lib.tpu.ru/cgi-bin/koha/opac-detail.pl?biblionumber=133309

MARC

LEADER 00000nam0a2200000 4500
001 133309
005 20231031135301.0
035 |a (RuTPU)RU\TPU\book\144450 
090 |a 133309 
100 |a 20080314d1971 m y0rusy50 ca 
101 0 |a rus 
102 |a RU 
105 |a a z 000ay 
200 1 |a Под звон кандальный  |f Ф. А. Березовский  |g сост. Н. Яновский ; худож. В. Колесников 
210 |a Новосибирск  |c Западно-Сибирское книжное издательство  |d 1971 
215 |a 304 с.  |c ил. 
333 |a Исключено из фонда НТБ ТПУ 
675 |a Р2  |v 3 
700 1 |a Березовский  |b Ф. А.  |g Феоктист Алексеевич 
702 1 |a Яновский  |b Н.  |4 220 
702 1 |a Колесников  |b В.  |4 440 
801 1 |a RU  |b 63413507  |c 20080314  |g PSBO 
801 2 |a RU  |b 63413507  |c 20230215  |g RCR 
942 |c BK